| 000 | 00555nam a22001937a 4500 | ||
|---|---|---|---|
| 003 | BUBTL | ||
| 008 | 140129b xxu||||| |||| 00| 0 eng d | ||
| 020 | _a0893974102 | ||
| 082 | _a658/ G4632p/ 1991 | ||
| 100 |
_949 _a Glass, Neil M. |
||
| 245 |
_aPro-active management: How to Improve your Management Performance/ _cby Neil M. Glass. |
||
| 260 |
_aNew Jersey, _bNichols, _cc1991. |
||
| 300 |
_a[viii], 216p . : _bill. ; 24cm . |
||
| 500 | _aIncludes Index | ||
| 650 | 0 |
_939 _aManagement |
|
| 856 |
_k0 _l0 _yDownload |
||
| 942 |
_2ddc _cBK |
||
| 999 |
_c30 _d30 |
||